000 02022cam a22004454i 4500
003 PE-LiUPU
005 20250731183336.0
008 150514s2006 ag a rb 000 0 eng d
020 _a9789879778180
020 _a9879778189
035 _a(Sirsi) i9789879778180
040 _aPE-LiUPU
_bspa
_cPE-LiUPU
_erda
049 _aPRUA
082 0 4 _a729
_bA62
100 1 _aAparicio Guisado, Jesús María,
_d1960-,
_eautor.
245 1 3 _aEl muro, concepto esencial en el proyecto arquitectónico :
_bla materialización de la idea y la idealización de la materia /
_cJesús Ma. Aparicio Guisado.
264 1 _a[Buenos Aires, Argentina] :
_bNobuko,
_c2006.
300 _a222 páginas :
_bilustraciones ;
_c21 centímetros.
336 _atext
_2rdacontent
337 _aunmediated
_2rdamedia
338 _avolume
_2rdacarrier
490 0 _aTextos de arquitectura y diseño
504 _aBibliografía: páginas 220-222.
505 0 _aLa Alhambra : desvanecimiento y presencia -- Villa Rotonda : la centralidad del infinito -- Monasterio de San Lorenzo de El Escorial : ausencia de la materia y presencia del espacio -- La desmaterialización del muro, una evolución de lo tectónico : Gottfried Semper, Mies van der Rohe y la casa Farnsworth -- El muro y el espacio.
526 _aP158
526 _aP146
526 _aP17
526 _aP12
526 _aP06
541 _g003-000778;
650 4 _aArquitectura.
_94555
650 1 4 _aDiseño arquitectónico.
_94380
910 _ardg
_bjck
_crdg
_d20150514
942 _2ddc
_cBOOK
949 _a729 A62
_wDEWEY
_c1
_i71260
_lCG2
_mBUL
_p23.80
_r0
_sY
_tBOOK
_u2015-5-14
_xINGENIERIA
_PP06
_0COMPRA
_o.STAFF. Colección General
994 _aC0
_bPEPRU
596 _a1
999 _a729 A62
_wDEWEY
_c6170
_i71260
_d6170
_e2018-9-21
_f2021-11-10
_g7
_lCCODEBUL1
_mBUL
_n1
_p23.80
_q2
_r0
_sY
_tBOOK
_u2015-5-14
_xINGENIERIA
_PP06
_0COMPRA
_o.STAFF. Colección General
980 _81
_gALBERTO SANCHEZ Responsable de Automatización